000 00702nam a22002417a 4500
003 UA-OsUOA
001 66789
007 ta
008 20100128b un ||||| |||| 00| 0 ukr d
100 _aВоробйов М. П.
090 _a821.161.2
_bВ75
942 _cBK
040 _aUA-OsUOA
_bukr
_cUA-OsUOA
_dUA-OsUOA
245 _aОманливий оркестр (Конфігурації)
_bпоезії, щоденникові записи
300 _a192 с.
955 _a3
041 _aukr
080 _a821.161.2
020 _a966-8547-65-9
260 _aК.
_bПросвіта
_c2006
650 7 _a82 Література. Літературознавство
_2UDC
999 _c352881
_d352881